Puebla: una educación evangelizadora encarnada en la historia

Saved in:
Bibliographic Details
Main Author: García Ahumada, Enrique (Author)
Corporate Authors: CELAM (Author), Conferencia Episcopal Latinoamericana (Author)
Format: Book
Language:Spanish
Published: Santiago ONAC 1900
Subjects:
Tags: Add Tag
No Tags, Be the first to tag this record!

MARC

LEADER 00000nam a2200000 a 4500
001 UCY7267
003 CL-VaPUC
008 950609e19000000CL |||||||||||||||||spa|d
082 0 4 |a 261.1  |b GAR  |2 21 
100 |a García Ahumada, Enrique  |e author  |9 600813 
110 2 |a CELAM  |e author  |9 337658 
710 2 |a Conferencia Episcopal Latinoamericana  |e author  |9 337659 
245 1 0 |a Puebla: una educación evangelizadora encarnada en la historia 
300 |a 32 p 
942 |c BK 
945 |d 19950609 00:00:00  |a cmena 
260 |a Santiago  |b ONAC  |c 1900 
650 0 |a Educación religiosa   |9 308312 
650 0 |a Cristianismo  |9 257361 
650 0 |a Iglesia   |9 255004 
650 0 |a Catolicismo  |9 258690 
650 7 |a HOMBRE  |2 CL-VaPUC  |9 262149 
650 0 |a Cultura  |9 269059 
650 0 |a Experiencia religiosa  |9 315549 
650 0 |a Problemas sociales  |9 258537 
650 0 |a Pobreza  |9 258652 
650 7 |a POBRES  |2 CL-VaPUC  |9 311341 
650 0 |a Doctrina social de la iglesia  |9 257333 
650 7 |a RELIGIOSIDAD POPULAR  |2 CL-VaPUC  |9 337660 
651 0 |a América Latina   |9 255027 
583 |a last modification  |c 19950609 00:00:00  |k Rodrigo Vera 
999 |c 234682  |d 234680